Schaum's outline of theory and problems of electric circuits (Record no. 15876)

000 -LEADER
fixed length control field 00535nam a22001937a 4500
001 - CONTROL NUMBER
control field 15876
003 - CONTROL NUMBER IDENTIFIER
control field BD-DhUET
008 - FIXED-LENGTH DATA ELEMENTS--GENERAL INFORMATION
fixed length control field 150316b xxu||||| |||| 00| 0 eng d
040 ## - CATALOGING SOURCE
Original cataloging agency DLC
Transcribing agency DLC
Modifying agency BD-DhUET
082 ## - DEWEY DECIMAL CLASSIFICATION NUMBER
Classification number 623.01
Item number EDM/1965
100 ## - MAIN ENTRY--PERSONAL NAME
Personal name Edminister, Joseph A.
245 ## - TITLE STATEMENT
Title Schaum's outline of theory and problems of electric circuits
250 ## - EDITION STATEMENT
Edition statement 1st ed.
260 ## - PUBLICATION, DISTRIBUTION, ETC. (IMPRINT)
Place of publication, distribution, etc. New York
Name of publisher, distributor, etc. McGraw-Hill Book
Date of publication, distribution, etc. 1965
300 ## - PHYSICAL DESCRIPTION
Extent 289p.
490 ## - SERIES STATEMENT
Series statement Schaum's outline series
650 #0 - SUBJECT ADDED ENTRY--TOPICAL TERM
Topical term or geographic name as entry element Circuits : Electric : Engineering
942 ## - ADDED ENTRY ELEMENTS (KOHA)
Koha item type General Book
Holdings
Withdrawn status Source of classification or shelving scheme Date acquired Location (home branch) Koha full call number Koha normalized classification for sorting Copy number Not for loan Damaged status Price effective from Koha item type Shelving location Koha date last seen Lost status Piece designation (barcode) Sublocation or collection (holding branch)
  2015-03-16Central Library, BUET623.01/EDM/1965623_010000000000000_EDM_19651  2015-03-16General BookCirculation section2015-03-16 14804Central Library, BUET
  2015-03-16Central Library, BUET623.01/EDM/1965623_010000000000000_EDM_19652  2015-03-16General BookCirculation section2015-03-16 36080Central Library, BUET
  2015-04-25Central Library, BUET623.01/EDM/1965623_010000000000000_EDM_19653  2015-04-25General BookCirculation section2015-04-25 9603Central Library, BUET
  2015-04-25Central Library, BUET623.01/EDM/1965623_010000000000000_EDM_19654  2015-04-25General BookCirculation section2015-04-25 9604Central Library, BUET
  2015-04-25Central Library, BUET623.01/EDM/1965623_010000000000000_EDM_19655  2015-04-25General BookCirculation section2015-04-25 14806Central Library, BUET
  2015-06-29Central Library, BUET623.01/EDM/1965623_010000000000000_EDM_19656  2015-06-29Reading ItemReading section2015-06-29 14808Central Library, BUET
  2015-07-02Central Library, BUET623.01/EDM/1965623_010000000000000_EDM_19657  2015-07-02Reading ItemReading section2015-07-02 9606Central Library, BUET